00487nam a22001697a 450000500170000001000150001702000260003203500140005803700130007208200110008510000150009624500850011126000370019627000400023330000240027370000200029720170825121016.0 aENG-120112 a9788176116398c800.00 aEN-103644 bDBAD/PUB a001.42 aJain, Rita aResearch methodology :cby Rita Jain [and] Nishith Saxenaba complete guidance / aJaipurbR B S A Publishersc2013 a340, Chaura Rasta, bJaipure302003 avi,272p. c23cm(Hb) aSaxena, Nishith